00568 2200217 4500001002100000005001500021035002000036007000300056008004100059020001800100082001500118084002100133100001600154245003500170250001000205260003100215300002100246500003800267650002000305990002500325INLIS00000000000286620260309083858 a0010-0326000027ta260309 g 1 ind  a9786021310342 a899. 221 3 a899. 221 3 KIY h0 aKiyu Luxury1 aHoror Kamar 022 /cKiyu Luxury aed. 1 aJakarta :bEuthenia,c2014 a152 hlm ;c19 cm aHoror Kamar 022 Karya Kiyu Luxury 4aFiksi Indonesia a05116/H/SMAN2TS/2026